=LDR 00000nam 2200000 4500 =001 INLIS000000000049104 =005 20221223074720 =035 ##$$a 0010-011700000000385 =008 221223################g##########0#ind## =020 ##$$a 978-602-1130-86-3 =040 ##$$a NBPDMAT =082 ##$$a R. 297.615 103 =090 ##$$a R.297.615 103 Ens e.I =245 ##$$a Ensiklopedia remaja muslim jilid 1 : $b Mengetahui dan melejitkan potensi diri /$c Tim Redaksi =260 ##$$a Surakarta :$b Ziyad Books,$c 2015 =300 ##$$a 342 hlm. : $b ilus ; $c 28 x 20 cm. =650 #4$$a Remaja Muslim - Ensiklopedi =850 ##$$a NBPDMAT =084 ##$$a R. 297.615 103 ENS e I =250 ##$$a cet. 1 =990 ##$$a 21602412 =990 ##$$a 21602413 =990 ##$$a 21602414 =990 ##$$a 21602415 =990 ##$$a 21602416 =990 ##$$a 21602412 =990 ##$$a 21602413 =990 ##$$a 21602414 =990 ##$$a 21602415 =990 ##$$a 21602416